000 00995nam a22002177a 4500
003 OSt
005 20251107131127.0
008 251107b |||||||| |||| 00| 0 eng d
040 _c0
082 _aDPer 372.83044 SoI31 September 2022-April 2023 v. 35 n. 1-4
100 _aWise, Crystal N.
_eauthor.
_969295
245 _aFamily stories, counter-storytelling, and chronological overlaying :
_bexploring black historical consciousness in elementary social studies /
_cCrystal N. Wise, Brittany L. Jones, Blake A. Thompson, and Anne-Lise Halvorsen.
260 _aNCSS Publication ;
_cJanuary-February 2023.
300 _aVolume 35, pages 5-12 :
_billustration ;
_c28 cm.
500 _aSocial Studies and the Young Learner, vol. 35, no. 3, pages 5-12, January/February 2023.
700 _aWise, Crystal N.
_eauthor.
_969295
710 _aJones, Brittany L.
_eauthor.
_969296
711 _aThompson, Blake A.
_jauthor.
_969297
711 _aHalvorsen, Anne-Lise.
_jauthor.
_969298
942 _2ddc
_cPER
999 _c24171
_d24171